Design (Record no. 4618)

MARC details
000 -CABECERA
campo de control de longitud fija 02082nam a22001937a 4500
003 - IDENTIFICADOR DEL NÚMERO DE CONTROL
campo de control OSt
005 - FECHA Y HORA DE LA ÚLTIMA TRANSACCIÓN
campo de control 20250331143459.0
008 - DATOS DE LONGITUD FIJA--INFORMACIÓN GENERAL
campo de control de longitud fija 250331b |||||||| |||| 00| 0 eng d
020 ## - NÚMERO INTERNACIONAL ESTÁNDAR DEL LIBRO
Número Internacional Estándar del Libro 9780241631782
040 ## - FUENTE DE LA CATALOGACIÓN
Centro/agencia transcriptor tbs
050 ## - SIGNATURA TOPOGRÁFICA DE LA BIBLIOTECA DEL CONGRESO
Número de clasificación NK1390
245 ## - MENCIÓN DE TÍTULO
Título Design
Resto del título : the definitive visual guide
260 ## - PUBLICACIÓN, DISTRIBUCIÓN, ETC.
Lugar de publicación, distribución, etc. Dorling Kindersley Limited, London, 2023
300 ## - DESCRIPCIÓN FÍSICA
Extensión 400 pages illustrations (colour) ; 29 cm
505 ## - NOTA DE CONTENIDO CON FORMATO
Nota de contenido con formato What is design? — Arts & Crafts, 1850–1920 — Art Nouveau, 1880–1910 — Art Deco, 1919–1940 — Modernism, 1910–1939 — Mid-century Modern, 1940–1959 — Cultural revolution, 1960–1979 — Postmodern & contemporary, 1980s onwards.
520 ## - SUMARIO, ETC.
Sumario, etc. "An updated edition of DK's stunning visual celebration of the world's most important designs and design movements. Discover the history of design with this gorgeous visual celebration of key pieces, movements, and designers, from the Arts and Craft movement to the digital age. Arranged chronologically, Design traces the evolution of design from its roots to the present day, from early chairs, pottery, and homewares to cars, graphic design, and product design. It introduces all the key designers, manufacturers, and objects, illustrating how and why different styles emerged and became popular. It also provides a fascinating insight into design movements, showing how each one began and explaining its philosophy and visual style, from the Arts and Crafts movement to mid-century modern and contemporary. Featuring expert analysis, stunning photography, and a huge range of objects both familiar and extraordinary, Design explains what makes a truly great design and reveals the hidden stories behind the everyday things all around us. With profiles of famous designers and manufacturers, such as William Morris, the Bauhaus, Alvar Aalto, Frank Lloyd Wright, and Vitra, and stunning images of iconic buildings and interiors, it provides a glorious and comprehensive view of classic design across the last two centuries"--Publisher's description
650 #0 - PUNTO DE ACCESO ADICIONAL DE MATERIA--TÉRMINO DE MATERIA
Término de materia o nombre geográfico como elemento de entrada Design
Fuente del encabezamiento o término History
9 (RLIN) 2796
942 ## - ELEMENTOS DE ENTRADA AGREGADA (KOHA)
Fuente del sistema de clasificación o colocación Clasificación de Library of Congress
Holdings
Estado de retiro Estado de pérdida Fuente del sistema de clasificación o colocación Estado dañado No para préstamo Biblioteca de origen Biblioteca actual Fecha de adquisición Total de préstamos Signatura topográfica completa Código de barras Fecha visto por última vez Número de copia Precio válido a partir de Tipo de ítem Koha
    Clasificación de Library of Congress     TBS Barcelona TBS Barcelona 31/03/2025   NK1390 DES B07520 31/03/2025 1 31/03/2025 Book

Powered by Koha